01604nam a2200457 i 450000100060000000300080000600500170001400600190003100700150005000800410006502000180010602000270012403500230015103500240017403500250019803500210022304000310024405000210027508000100029608200140030610000290032024500510034925000230040026400380042330000410046133600310050233700330053333800430056649000140060950000230062350400290064658801270067559001590080265100220096165100230098365500270100679700190103383000150105285600620106799900170112923735FlNmELB20241216214118.0m o d | cr cnu||||||||161009s2014 sp ob 001 0 spa d z9788446039778 a9788446043485 (e-book) a(MiAaPQ)EBC4675796 a(Au-PeEL)EBL4675796 a(CaPaEBR)ebr11259348 a(OCoLC)992057113 aFINmELBbspaerdacFINmELB 4aDA910bO115 2014 a941.70 a941.52231 aO'Beirne Ranelagh, John.10aHistoria de Irlanda /cJohn O'Beirne Ranelagh. aTercera edición. 1aMadrid :bEdiciones Akal,c[2014] a1 recurso en línea (479 páginas) atextobtxt2rdacontent/spa acomputadorabc2rdamedia/spa arecurso en líneabcr2rdacarrier/spa1 aHistorias aContiene índice. aContiene bibliografía. aDescripción basada en recurso en línea; Título de la página del título en PDF (e-libro, visto October 09, 2016). aRecurso electronico. Santa Fe, Arg. : e-libro, 2016. Disponible via World Wide Web. El acceso puede ser limitado para las bibliotecas afiliadas a e-libro. 0aIrelandxHistory. 4aIrlandaxHistoria. 4aLibros electrónicos.2 ae-libro, Corp. 0aHistorias.40uhttps://elibro.net/ereader/politecnicointernacional/49812 c23735d23735